000 00876nas a2200289 4500
001 BR2018002597
003 BR-BrBNA
005 20231205131508.0
007 ta
008 230509b bl.|||p| |||| 00| 00por d
040 _aBR-BrBNA
_bpor
_cBiblioteca Nacional de Agricultura
041 _a(En)
072 _aL01
100 1 _aMascena, V.M.
100 1 _aSIlva, C.M.
100 1 _aAlmeida, C.L. de
100 1 _aAlves, T.T.L.
100 1 _aFreitas, B.M.
245 1 _aExternal activity of colonies of Melipona quinquefasciata managed in different types of beehive
650 _aABELHA
650 _aCOLMEIA
650 _aCONDIÇÃO AMBIENTAL
650 _aAPICULTURA
773 0 _tRevista Ciência Agronômica (Brazil)
_xISSN 0045-6888
_g(Oct-Dec 2018), v. 49(4) p. 683-691
_wBR2018002597
909 _a202311
_bLúcia
_c55
_dLúcia Elande
942 _2AGRIS
_n0
_cANA
999 _c255130
_d255130